Morfología litoral y submarina / (Record no. 76921)

MARC details
000 -LEADER
campo de control de longitud fija 00539nam a2200169 i 4500
001 - NÚMERO DE CONTROL
campo de control 76921
003 - IDENTIFICADOR DE NÚMERO DE CONTROL
campo de control ES-MaACL
005 - FECHA Y HORA DE LA ÚLTIMA TRANSACCIÓN
campo de control 20230906173024.0
007 - CAMPO FIJO DE DESCRIPCIÓN FÍSICA--INFORMACIÓN GENERAL
campo de control de longitud fija t|
008 - DATOS DE LONGITUD FIJA--INFORMACIÓN GENERAL
campo de control de longitud fija 041005s1957 sp ||||1| spa d
100 1# - ENTRADA PRINCIPAL--NOMBRE DE PERSONA
Nombre de persona Guilcher, André.
9 (RLIN) 60696
245 10 - MENCIÓN DEL TÍTULO
Título Morfología litoral y submarina /
Mención de responsabilidad, etc. André Guilcher ; [traducción por Eduardo Condeminas].
260 ## - PUBLICACIÓN, DISTRIBUCIÓN, ETC.
Lugar de publicación, distribución, etc. Barcelona :
Nombre del editor, distribuidor, etc. Omega,
Fecha de publicación, distribución, etc. [1957] (
Fabricante Agustín Núñez)
300 ## - DESCRIPCIÓN FÍSICA
Extensión 264 p., 8n lám. ;
Dimensiones 23 cm.
700 1# - ENTRADA AGREGADA--NOMBRE PERSONAL
Nombre de persona Condeminas, Eduardo.
9 (RLIN) 40136
852 ## - LOCALIZACIÓN
Ubicación ES-MaACL
Número de control de estantería C-12245
Sublocalización o colección R.40336
Holdings
Estatus retirado Estado de pérdida Estado de daño No para préstamo Biblioteca de origen Biblioteca actual Ubicación en estantería Fecha de adquisición Fuente de adquisición Total de préstamos Signatura topográfica completa Código de barras Visto por última vez Precio de reemplazo Tipo de ítem Koha
        Biblioteca del Ateneo de Madrid Biblioteca del Ateneo de Madrid Sala Palomar 17/01/2008     C-12245 1080487 23/02/2023 23/02/2023 Libro impreso